[Event "EU-chT (Men) 20th"]
[Site "Reykjavik"]
[Date "2015.11.14"]
[Round "2.3"]
[White "Iordachescu, Viorel"]
[Black "Gajewski, Grzegorz"]
[Result "0-1"]
[WhiteElo "2581"]
[BlackElo "2647"]
[Annotator "Krasenkow,M"]
[PlyCount "134"]
[EventDate "2015.11.13"]
[EventType "team-swiss"]
[EventRounds "9"]
[EventCountry "ISL"]
[SourceTitle "CBM 170"]
[Source "ChessBase"]
[SourceDate "2016.01.15"]
[SourceVersion "1"]
[SourceVersionDate "2016.01.15"]
[SourceQuality "1"]
[WhiteTeam "Moldova"]
[BlackTeam "Poland"]
[WhiteTeamCountry "MDA"]
[BlackTeamCountry "POL"]

1. d4 Nf6 2. c4 e6 3. Nc3 Bb4 4. e3 O-O 5. Bd3 d5 6. Nf3 b6 7. O-O Ba6 {
A rare but interesting continuation. Black wants to force the pawn exchange on
d5 and trade the light-squared bishops. It is important that White's remaining
(dark-squared) bishop is quite passive.} 8. cxd5 (8. Qe2 c5 $5 9. cxd5 Bxd3 10.
Qxd3 exd5 (10... Bxc3 $5 11. bxc3 Qxd5) 11. dxc5 bxc5 12. b3 Bxc3 13. Qxc3 Ne4
14. Qd3 Nc6 15. Bb2 Rb8 16. Rad1 Nb4 17. Qb1 Rb6 $13 {1/2 (40) Ghaem Maghami,E
(2558)-Idani,P (2526) Muscat 2015}) (8. Ne5 dxc4 9. Nxc4 c5 10. a3 cxd4 11.
axb4 dxc3 12. bxc3 Qc7 13. Qb3 Rd8 14. Be2 Bb5 {1/2 (14) Bernasek,J (2513)
-Babula,V (2542) Havlickuv Brod 2015}) 8... exd5 (8... Bxc3 9. Bxa6 Nxa6 10.
bxc3 Qxd5 11. Ne5 c5 12. f3 Nd7 13. e4 Qb7 14. Nc4 b5 15. Rb1 cxd4 16. cxd4 Qc6
17. Ne3 Nb6 18. Qe2 Nc7 19. Bb2 $14 {1-0 (59) Wojtaszek,R (2663)-Tiviakov,S 
(2634) Wroclaw 2010}) (8... Bxd3 9. Qxd3 exd5 10. Bd2 c5 $6 {Black loses a
tempo compared to the 8.Qe2 line} (10... Re8 $5 {[%cal Yf6e4]}) 11. dxc5 bxc5
12. Rfd1 c4 13. Qf5 Nc6 14. Be1 Ne7 15. Qc2 $14 {1-0 (40) Del Rio de Angelis,S
(2527)-Moreno Ruiz,J (2536) Arenal d'en Castell 2011}) 9. Bxa6 (9. a3 Bxc3 10.
bxc3 Qc8 11. Bb2 Nc6 12. Re1 Na5 13. Bc2 Nc4 14. Bc1 Ne4 $15 {1/2 (41)
Yankelevich,L (2404)-Klekowski,M (2486) Haarlem 2015}) (9. Ne2 Bd6 10. Ng3 Re8
11. Bxa6 Nxa6 12. Qa4 Qc8 13. Bd2 Ne4 14. Rac1 Qb7 15. Rfd1 c5 $132 {1/2 (29)
Ben Artzi,I (2370)-Balogh,C (2651) Yerevan 2014}) (9. Ne5 $5 Bxd3 $5 (9... c5
10. dxc5 bxc5 11. Bxa6 Nxa6 12. Nc6 Qc7 13. Nxd5 Nxd5 14. Qxd5 Rac8 15. Nxb4
cxb4 16. e4 $16 {1-0 (51) Shen,Y (2435)-Tan,Z (2499) Xinghua 2014}) 10. Qxd3 c5
) 9... Nxa6 10. Ne2 {A new move, hardly dangerous for Black. Practice has seen
various continuations, in which Black's usual plan was ...c7-c5, obtaining
hanging pawns or (more seldom) an isolated central pawn. His queen usually
goes to c8-b7. Here are some examples:} (10. a3 Bxc3 11. bxc3 c5 12. a4 {
1/2 (49) Arabidze,M (2374)-Mkrtchian,L (2447) Warsaw 2013} Ne4 $11) (10. Qe2
Qc8 11. Bd2 Re8 12. Rac1 Bf8 13. Ne5 c5 14. Qf3 Nc7 15. h3 Bd6 16. Ng4 Ne4 $132
{0-1 (55) Jussupow,A (2581)-Gajewski,G (2643) Germany 2014}) (10. Bd2 Re8 (
10... c5 $5) 11. Rc1 c5 12. Qa4 Nc7 13. dxc5 bxc5 14. Rfd1 a5 15. a3 Qd6 16.
Be1 c4 (16... Bxc3 17. Bxc3 Ne4 $11) 17. Nxd5 Ncxd5 18. axb4 axb4 19. Qb5 c3
20. bxc3 bxc3 21. Qd3 {1-0 (44) Sargissian,G (2676)-Pashikian,A (2612) Yerevan
2014} Qc7 $11) (10. Qd3 Qc8 11. Bd2 (11. a3 Bxc3 12. bxc3 c5 13. Nd2 Re8 14. f3
Qb7 15. Bb2 c4 16. Qe2 Re6 17. Rfe1 Rae8 $15 {1/2 (25) Johannessen,L (2519)
-Leko,P (2744) Tromsoe 2013}) 11... Re8 12. Rac1 Bf8 (12... Qb7 13. a3 Bf8 14.
b4 c5 15. bxc5 bxc5 16. Rb1 Qc8 17. dxc5 Nxc5 18. Qc2 Nce4 $11 {0-1 (68)
Johansson,L (2391)-Hammer,J (2640) Stockholm 2014}) 13. a3 c5 14. dxc5 Nxc5 15.
Qb1 Qa6 16. Nd4 Rac8 (16... Nfe4 17. Rc2 Rad8 18. Rd1 Nd3 19. f3 Nxd2 $2 20.
Rcxd2 Ne5 21. Nc2 Nc4 22. Rxd5 $16 {1-0 (82) Mamedyarov,S (2736)-Harikrishna,P
(2737) Berlin 2015}) 17. f3 Ne6 18. Nce2 Bc5 19. Qf5 Bxd4 20. Nxd4 Nxd4 21.
exd4 Rxc1 22. Rxc1 Qb5 $11 {1/2 (54) Mamedyarov,S (2736)-Carlsen,M (2850)
Berlin GER 2015}) (10. Qa4 Qc8 11. Bd2 (11. Ne5 Bd6 12. Bd2 Re8 13. f4 c5 14.
Be1 Nc7 15. Bh4 Ng4 $15 {0-1 (37) Chatalbashev,B (2547)-Socko,B (2611) Graz
2015}) 11... Re8 (11... Qb7 12. Rfc1 c5 13. Nb5 Bxd2 14. Nxd2 Rfd8 15. Rc3 Ne4
16. Nxe4 dxe4 17. a3 cxd4 18. exd4 Rd5 19. Rac1 $14 {1/2 (59) Ipatov,A (2614)
-Johannessen,L (2528) Tromso 2014}) (11... c5 12. dxc5 bxc5 13. Rac1 Qb7 14.
Rfd1 c4 15. Qc2 Nc5 $132 {1/2 (82) Georgiev,K (2616)-Vishnu,P (2482) Llucmajor
2015}) 12. Rac1 (12. a3 Bf8 13. b4 c5 14. bxc5 bxc5 15. Rab1 c4 16. Rb2 Nc7 17.
Rfb1 a6 18. Rb6 Re6 19. Rxe6 fxe6 20. Ne5 Nb5 $132 {1/2 (72) Topalov,V (2771)
-Ponomariov,R (2733) Zug 2013}) (12. Rfc1 Bf8 13. Ne2 c5 14. dxc5 bxc5 (14...
Nxc5 15. Qc2 Qa6 16. Bc3 Nce4 17. Bxf6 Nxf6 18. Nf4 Bd6 19. Qd3 Qb7 20. Ne2 g6
$11 {1/2 (58) Rodshtein,M (2654)-Almasi,Z (2695) Tsaghkadzor 2015}) 15. Bc3 Ne4
16. Nf4 Nc7 17. Be5 Ng5 18. Nxg5 Rxe5 19. Nf3 Re8 20. Rd1 Rd8 21. Rd2 Qb7 $13 {
1/2 (68) Kovalenko,I (2642)-Sargissian,G (2671) Minsk 2014}) 12... Bf8 13. Rfd1
(13. Ne2 Bd6 14. b4 c5 15. dxc5 bxc5 16. Rfd1 Ne4 17. Bc3 Qe6 18. bxc5 Naxc5
19. Qd4 Qh6 20. Ng3 Bxg3 21. hxg3 Nxf2 22. Kxf2 Ne4+ 23. Kg1 Nxg3 24. Kf2 Ne4+
25. Kg1 Ng3 26. Kf2 Ne4+ 27. Kg1 Ng3 {1/2 (27) Dragun,K (2558)-Gajewski,G 
(2648) Poznan 2015}) 13... c5 (13... Qb7 14. Be1 c6 15. Ne2 Rac8 16. Nf4 g6 17.
Rd2 Rc7 18. Qd1 Nb8 19. Rdc2 Rec8 20. Ne5 {1/2 (20) Loiseau,Q (2415)-Maiorov,N
(2563) Lille 2015}) 14. Be1 (14. Ne2 Qb7 15. dxc5 bxc5 16. Ng3 c4 17. Bc3 Nc5
18. Qc2 Nfe4 $132 {1/2 (71) Urkedal,F (2517)-Grandelius,N (2581) Stockholm 2015
}) 14... Nc7 (14... Qb7 $5 15. dxc5 {1-0 (42) Dragun,K (2586)-Szostko,J (2319)
Warsaw 2015} bxc5) 15. dxc5 bxc5 16. Qc2 Qe6 17. Ne2 Bd6 18. Ng3 Rac8 19. Bc3
Bxg3 20. Bxf6 Bd6 21. Bh4 Na8 22. Bg3 Be7 23. Qa4 Nb6 24. Qxa7 Ra8 25. Qb7 Rxa2
26. b4 c4 27. Nd4 Qf6 28. Nc6 Bd6 $13 {1-0 (42) Werle,J (2514)-Agdestein,S 
(2620) Fagernes 2015}) 10... Bd6 $1 {[%mdl 32] Black doesn't go for hanging
pawns now. Instead, he develops an initiative on the kingside.} (10... c5 $6
11. a3 Ba5 12. b4 cxb4 13. axb4 Nxb4 14. Ba3 Re8 15. Ne5 $14) 11. b3 Nb8 12.
Bb2 Nbd7 13. Ng3 Re8 14. Rc1 (14. Nf5 $142 Bf8 15. Ne5) 14... Ne4 15. Rc2 $6 {
A positional mistake. First, White allows Black to double his kingside pawns;
second, one of Black's knights is an "excess piece" (terminology by Mark
Dvoretzky): they both belong on the e4 square and therefore disturb each other.
Therefore White should have used an opportunity to avoid the knight exchange
and possibly trade his knight for Black's bishop:} (15. Nf5 $1 Bf8 16. Qc2 $1 {
, and now after} g6 17. Ng3 Nxg3 18. hxg3 Bd6 {White has an equaliser} 19. Ne5
$1) 15... Nxg3 16. hxg3 Rc8 (16... a5 $5 $36) 17. Qc1 (17. Qd3 $142) 17... Qe7
18. Rd1 Nf6 19. Ne5 {This invasion is not dangerous anymore: Black is
well-prepared.} Ne4 20. Nc6 Qg5 $40 (20... Qd7 $5 21. Ba3 $2 Bxa3 22. Qxa3 Nxf2
$1 23. Kxf2 $140 $2 Qf5+) 21. Ba3 (21. Nxa7 Rcd8 22. Nb5 Qh5 23. Nxc7 Re7 {
with a deadly threat 24...Nxg3!}) 21... Bxa3 22. Qxa3 Re6 23. Rdc1 $2 {White
has no time for counterplay; this "active move" makes Black's attack
unstoppable.} (23. Qa6 Rce8 24. Ne5 Rh6 25. Qe2 {was the right defence,
although after} c5 {Black keeps his initiative.}) 23... Rce8 $1 {[%cal Ye4g3,
Ye4f2][%mdl 128]} (23... Nxg3 $6 24. Ne5 $1) 24. Ne5 (24. Qxa7 Nxf2 $1 25. Rxf2
Qxe3 26. Rcc2 Rf6 {[%cal Re3e1]} 27. Qa6 Rxf2 28. Rxf2 Qc1+ $19) (24. Qa6 Nxg3
25. Ne5 (25. Qd3 Nf5) 25... Qh6 26. fxg3 Qxe3+ $19) 24... Rh6 25. Rc6 f6 26.
Nf7 {Desperation.} (26. Nf3 Nxg3 $1 $19) 26... Kxf7 27. Rxc7+ Kg8 28. Qa4 Qh5
29. Qxe8+ Qxe8 30. Rc8 Nd6 31. Rxe8+ Nxe8 32. Rc8 Kf8 33. Rd8 Ke7 34. Ra8 Nc7
35. Rxa7 Kd7 36. Rb7 f5 {Black's rook enters the game, and he easily wins.} 37.
Rb8 Rf6 38. a4 g6 39. Rh8 h5 40. b4 b5 41. Rh7+ Kc6 42. axb5+ Nxb5 43. Re7 Nc7
44. Kf1 Re6 45. Rg7 Na6 46. Ke2 Nxb4 47. Kf3 Kd6 48. Rb7 Nc6 49. Kf4 Re7 50.
Rb1 Ra7 51. Rb2 Ke6 52. Rb6 Kd7 53. Rb2 Ra6 54. Kg5 Nd8 55. Kh6 Nf7+ 56. Kg7
Nd6 57. Rc2 Nc4 58. Kh6 Ke7 59. f3 Nxe3 60. Rc7+ Kf6 61. Rg7 Re6 62. Rxg6+ Kf7
63. Rxe6 Kxe6 64. Kxh5 Nxg2 65. g4 fxg4 66. fxg4 Ne3 67. g5 Nf5 0-1

[Event "FRA-chT"]
[Site "France"]
[Date "1991.??.??"]
[Round "?"]
[White "Lautier, Joel"]
[Black "Miralles, Gilles"]
[Result "1-0"]
[WhiteElo "2550"]
[BlackElo "2470"]
[Annotator "Lautier,J"]
[PlyCount "107"]
[EventDate "1991.??.??"]
[EventType "team"]
[EventRounds "12"]
[EventCountry "FRA"]
[SourceTitle "CBM 025"]
[Source "ChessBase"]
[SourceDate "1991.12.01"]
[SourceVersion "1"]
[SourceVersionDate "1991.12.01"]
[SourceQuality "1"]

1. d4 Nf6 2. c4 e6 3. Nc3 Bb4 4. e3 O-O 5. Bd3 b6 6. Nf3 Bb7 7. O-O d5 8. a3
Be7 9. b4 c5 $6 10. cxd5 $1 $14 cxd4 (10... cxb4 $6 11. axb4 Bxb4 (11... Nxd5
12. Nxd5 Qxd5 13. b5 $16) 12. Na2 Nxd5 13. Nxb4 Nxb4 14. Ba3 N8c6 (14... Nxd3
15. Bxf8 $16) 15. Qb1 $1 a5 16. Bxh7+ Kh8 17. Be4 $16) (10... Nxd5 11. Nxd5
Qxd5 12. bxc5 bxc5 13. e4 Qd8 14. Rb1 Qc8 15. d5 $14) 11. Nxd4 Nxd5 12. Bb2
Nxc3 13. Bxc3 Bf6 $6 (13... Nd7 14. Qe2 $1 (14. Nxe6 fxe6 15. Qh5 Nf6 (15...
Rf5 $6 16. Bxf5 exf5 17. Qxf5 $44) 16. Bxf6 Rxf6 17. Qxh7+ Kf7 18. Qh5+ Kf8 $10
) 14... Bf6 (14... Nf6 15. e4 Rc8 16. Bb2 $14) 15. Rac1 Qe7 16. Ba6 $14) 14.
Qc2 h6 15. Be4 Qd7 $1 (15... Qe7 16. b5 {with the idea Bb4} Rc8 17. Nc6 $1 Nxc6
(17... Bxc6 18. Bxf6 Qxf6 19. bxc6 Rc7 20. Qa4 $1 $16 a6 21. Rab1 b5 22. Rxb5
Nxc6 23. Rc5 $18) 18. Bxf6 gxf6 (18... Qxf6 19. bxc6 Ba6 20. c7 Bxf1 21. Rxf1
$18) 19. bxc6 Ba6 20. Rfd1 $16) 16. Rad1 Rc8 17. Nb5 $1 (17. Nxe6 $2 Bxe4 18.
Qxe4 Qxe6 19. Qxa8 Bxc3 $17) (17. Nf5 $2 exf5 $1 18. Rxd7 Bxe4 19. Qd1 Nxd7 $19
) (17. Nc6 $2 Qe8 18. Bxf6 gxf6 19. b5 Nxc6 20. bxc6 Bxc6 $17) 17... Bxe4 (
17... Qxb5 $2 18. Bxb7 Rxc3 19. Rd8+ $1 Bxd8 20. Qxc3 $18) 18. Qxe4 Qc6 (18...
Qxb5 19. Bxf6 Nd7 20. Bb2 Nf8 21. h4 {/\ Qg4 +/-}) 19. Qxc6 Nxc6 20. Bxf6 gxf6
21. Rc1 $1 a6 22. Nd6 Rc7 23. g4 $1 $16 (23. Rc3 Rd8 24. Ne4 f5 25. Nf6+ Kg7
26. Nh5+ Kg6 27. Nf4+ Kf6 28. Rfc1 Rcd7 29. Kf1 Ne5 $10) 23... Rd8 24. Ne4 Kg7
(24... f5 25. gxf5 exf5 26. Ng3 f4 (26... Rd5 27. Rc4 $16) 27. exf4 $16) 25.
Rc3 Rcc8 26. Rfc1 Ne7 27. Kg2 Rxc3 28. Rxc3 Nd5 $2 (28... Rc8 29. Rxc8 Nxc8 30.
Kf3 $16) (28... Rd7 $5 {Mikhail Gurevich} 29. Kf3 f5 (29... Ng6 30. Ke2 Ne5 31.
h3 $16) 30. gxf5 Nxf5 31. Rc6 Rb7 32. Rc8 $1 $16 {intending Ra8.}) 29. Rc6 Rd7
30. Nd6 $18 Kg6 (30... Kf8 31. Nc4 $1 (31. Nc8 Rb7 32. Kf3 Rb8 $1 (32... Ne7 $2
33. Rxb6 $18) 33. e4 Ne7 $16) 31... Rb7 32. Kf3 $18 {followed by 33.e4 wins.})
31. Nc8 Rb7 32. Kf3 {threatens 33.e4} a5 33. b5 e5 34. h4 a4 35. h5+ Kg7 36.
Nd6 Rb8 37. Ke4 Ne7 38. Rc7 Kf8 39. Nf5 {Zeitnot} (39. Rd7 $1 {puts Black in
zugzwang.} Ra8 40. Rb7 $18) 39... Nxf5 40. Kxf5 Kg7 41. Ra7 (41. Rc6 Rd8 42.
Rxf6 Rd3 43. Rxb6 Rxa3 44. Kxe5 $18) 41... Rc8 42. Rxa4 Rc5 43. Rb4 Rc2 44. Ke4
$1 Rxf2 45. Kd5 Re2 (45... Rc2 46. Rc4 $18) 46. Rb3 $1 Rc2 47. a4 f5 48. gxf5
Kf6 49. a5 bxa5 50. b6 Kxf5 51. b7 Rd2+ 52. Kc5 Rd8 53. b8=Q Rxb8 54. Rxb8 1-0

[Event "NED-chT 0001"]
[Site "Netherlands"]
[Date "2001.03.04"]
[Round "6.5"]
[White "Lautier, Joel"]
[Black "Chuchelov, Vladimir"]
[Result "1-0"]
[WhiteElo "2648"]
[BlackElo "2539"]
[Annotator "Lautier,J"]
[PlyCount "75"]
[EventDate "2000.11.18"]
[EventType "team-tourn"]
[EventRounds "9"]
[EventCountry "NED"]
[SourceTitle "CBM 083"]
[Source "ChessBase"]
[SourceDate "2001.07.05"]
[SourceVersion "1"]
[SourceVersionDate "2001.07.05"]
[SourceQuality "1"]
[WhiteTeam "Ordina Breda"]
[BlackTeam "Magnus/BSG Bussum"]
[WhiteTeamCountry "NED"]
[BlackTeamCountry "NED"]

1. d4 Nf6 2. c4 e6 3. Nc3 Bb4 4. e3 O-O 5. Bd3 d5 6. Nf3 b6 7. O-O Bb7 8. cxd5
exd5 9. Ne5 Bd6 10. f4 c5 11. Qf3 Nc6 12. Qh3 g6 13. Kh1 Re8 (13... a6 $5 {
/\ b5}) 14. Ne2 $1 {/\ Bd2, Rad1} (14. Bd2 cxd4 15. Nxc6 Bxc6 16. exd4 Ne4 $132
) 14... Rc8 $5 {/\ Rc7, Qc8, Ba6} (14... Qc8 15. Qh4 Be7 16. f5 Ne4 17. Qg4 $14
(17. f6 $2 Nxe5 18. dxe5 Bf8 19. Bxe4 (19. Qf4 Rxe5 $1 $19) 19... dxe4 20. Ng3
Rxe5 $17)) (14... Bf8 $5) 15. Bd2 Rc7 {/\ Qc8, /\ Ne4} (15... Ne4 $4 16. Nxf7
$18) 16. Rad1 Qc8 (16... Ne4 17. Bxe4 dxe4 18. Bc3 $36) 17. Qh4 Be7 (17... Ne4
18. Bxe4 dxe4 19. Bc3 (19. Nc3 Be7 20. Qg3 Ba6 (20... cxd4 21. Nd5 $36) 21.
Rfe1 $14) 19... Be7 (19... Ba6 20. Nxc6 Bxe2 21. dxc5 Rxc6 22. cxd6 (22. Qf6 $2
Be5 $19) 22... Bxd1 23. Rxd1 Qd8 24. Qf6 (24. Bf6 $2 Qxd6) 24... Qxf6 25. Bxf6
$16) 20. Qf2 $14) 18. f5 $1 (18. Qg3 $2 Ba6 $15) 18... Ne4 19. Qh3 $1 {/\ Ng4}
(19. f6 Nxd2 20. Rxd2 Bf8 $11 (20... Nxe5 21. dxe5 Bf8 $15 22. Qg3 $13)) (19.
Qg4 Nxe5 20. dxe5 Nxd2 21. Rxd2 c4 22. Bc2 (22. e6 $2 Bb4 23. fxg6 fxg6 24.
Bxg6 hxg6 25. Rf6 Rg7 26. Rxg6 Ree7 $19) 22... Bb4 23. Nc3 Rxe5 24. Qf4 Bxc3
25. bxc3 Qe8 $13) 19... Nxe5 (19... Nxd2 20. Rxd2 Bf8 21. Ng4 Bg7 22. Nh6+ Kh8
23. Nf4 $40) 20. dxe5 (20. Bxe4 $2 Nc4 $17) 20... Bf8 (20... Nxd2 $6 21. Rxd2
Bf8 (21... c4 22. e6 $1 Bb4 23. fxg6 f6 (23... fxg6 24. Rf7 $18) 24. Rxf6 $18)
22. e6 fxe6 23. fxg6 $16) 21. Bxe4 dxe4 22. Bc3 Ba6 $1 (22... Bg7 $6 23. e6
Bxc3 24. Nxc3 fxe6 25. fxg6 hxg6 26. Nb5 Rh7 27. Qg4 Qb8 28. Nd6 $16) 23. e6 $1
(23. Ng3 $6 Bxf1 24. Rxf1 (24. Nxe4 Bxg2+ 25. Qxg2 Bg7 $17) 24... Bg7 (24...
Qa6 25. e6 $13) 25. Nxe4 Qa6 $36 (25... Rxe5 26. Ng5 h5 $11)) 23... Bxe2 24.
fxg6 fxe6 $1 (24... f6 $2 25. Rxf6 Bxd1 26. gxh7+ Rxh7 27. Rxf8+ Kxf8 28. Qxh7
$18) (24... f5 $6 25. Rd7 (25. Qxf5 Qxe6 26. Qxe6+ Rxe6 27. Rxf8+ Kxf8 28. Rd8+
Re8 29. g7+ Rxg7 30. Bxg7+ Kf7 $11) 25... Rxd7 26. Qxf5 hxg6 27. Qxg6+ Bg7 28.
exd7 Qxd7 29. Bxg7 Bxf1 30. Be5+ Kf8 31. Bd6+ Re7 32. Qf6+ Ke8 33. Bxe7 Qxe7 (
33... Bxg2+ $2 34. Kxg2 Qxe7 35. Qxe7+ Kxe7 36. Kg3 Ke6 37. Kf4 Kd5 38. h4 $18)
34. Qxf1 $16) (24... fxg6 25. Rf7 (25. Rd7 Re7 (25... Bh5 26. Be5 (26. Rdf7 {
->> 25.Rf7}) (26. Rff7 {->> 25.Rf7}) 26... Rb7 (26... Rc6 27. Rxf8+ Kxf8 28.
Qh4 Rexe6 29. Rd8+ (29. Qf4+ $2 Rf6 $19) 29... Kf7 30. Rxc8 Rxc8 31. Bc3 $16)
27. Rff7 Rxd7 28. exd7 Qd8 29. Bc7 Kxf7 30. Bxd8 Rxd8 {->> 25.Rf7}) 26. Rf7 Bh5
27. Bf6 Rcxd7 28. exd7 Qxd7 29. Qxd7 Rxf7 $14) 25... Bh5 (25... h5 26. Rdd7
Rxd7 27. exd7 Qd8 28. Rf6 Re7 29. Rxg6+ Bg7 30. Rxg7+ Rxg7 31. Qe6+ Kf8 32.
Qd6+ Kf7 33. Qd5+ Kf8 $11) 26. Rdd7 (26. Rdf1 $2 Rce7 $19) 26... Rxd7 27. exd7
Qd8 28. Bf6 (28. Rxf8+ Rxf8 29. Qe6+ Rf7 30. Qe8+ Rf8 $11) 28... Kxf7 29. Bxd8
Rxd8 30. g4 Rxd7 31. Qf1+ Ke7 32. gxh5 Bg7 33. b3 $14) 25. Rf7 h5 26. Re1 (26.
Qg3 $2 e5 $1 $17) 26... Bg4 27. Qh4 e5 28. Ref1 Bg7 $2 $138 (28... Rc6 $2 29.
g7 $1 Bd6 (29... Bxg7 30. Qg5 $18) 30. Qg5 $18) (28... Bh6 $1 29. h3 Rc6 30.
Rh7 $1 (30. hxg4 $6 Qxg4 31. Qf2 Rxg6 $15) (30. g7 $6 Bf3 31. Rf8+ (31. Rxa7
Qf5 32. gxf3 Bxe3 $17) 31... Rxf8 32. gxf8=Q+ Qxf8 33. gxf3 Qf5 $132 34. Rg1+
$6 Kf7 $17) 30... Bxe3 (30... Rxg6 $2 31. Rxh6 $18) (30... Bg7 31. Rxh5 Rxg6
32. hxg4 Qxg4 $11) 31. Rff7 Rxg6 32. Qf6 Rxf6 33. Rhg7+ Kh8 $11) 29. h3 Be2 30.
R1f2 Bd1 31. Qxe4 $1 $16 Rce7 (31... Kh8 32. Rd2 $16) 32. Qd5 (32. Rd2 $5 $16)
32... Qe6 33. Qxd1 Qxg6 34. R7f5 Rf8 (34... h4 35. e4 $16) 35. e4 h4 36. Rxf8+
Bxf8 37. Qd8 (37. Rf5 Bg7 38. Qd5+ Qe6 39. Qd8+ $16) 37... Rf7 $6 (37... Qe8
38. Qd5+ Kh7 39. Rf5 $16) 38. Qd5 $138 (38. Qd5 Bg7 39. Rf5 $18) 1-0

[Event "Olympiad-32"]
[Site "Yerevan"]
[Date "1996.09.18"]
[Round "3.3"]
[White "Bareev, Evgeny"]
[Black "Renet, Olivier"]
[Result "1-0"]
[WhiteElo "2655"]
[BlackElo "2505"]
[Annotator "Makarichev,S"]
[PlyCount "59"]
[EventDate "1996.09.15"]
[EventType "team-swiss"]
[EventRounds "14"]
[EventCountry "ARM"]
[SourceTitle "CBM 055"]
[Source "ChessBase"]
[SourceDate "1996.12.01"]
[SourceVersion "1"]
[SourceVersionDate "1996.12.01"]
[SourceQuality "1"]
[WhiteTeam "Russia"]
[BlackTeam "France"]
[WhiteTeamCountry "RUS"]
[BlackTeamCountry "FRA"]

1. d4 Nf6 2. c4 e6 3. Nc3 Bb4 4. e3 O-O 5. Bd3 d5 6. Nf3 b6 7. O-O Bb7 8. cxd5
exd5 9. Ne5 a6 10. Bd2 (10. a3 Bd6 11. f4 c5 12. Rf3 Nc6 13. Nxd5 Bxe5 14. fxe5
Qxd5 (14... Nxd5 15. Bxh7+ Kxh7 16. Rh3+ Kg8 17. Qh5 f6 18. e6 $18) 15. exf6 g6
16. Qe1 Ne5 (16... cxd4 17. Qh4 Qh5 18. Qxh5 gxh5 19. Rg3+ Kh8 20. Rg7 Ne5 21.
Rxh7+ Kg8 22. Rg7+ Kh8 23. Bf5 d3 24. e4) 17. dxe5 Qxd3 18. Rh3 (18. Qh4 Bxf3
19. gxf3 (19. Qh6 $4 Qd1+ 20. Kf2 Qe2+ $19) 19... g5 20. Qxg5+ Qg6 21. Qxg6+
hxg6 22. Kf2 $16) 18... Qe4 $13) 10... Bd6 11. f4 c5 12. Rf3 Nc6 13. Nxd5 Bxe5
(13... Nxd5 $4 14. Bxh7+ Kxh7 15. Rh3+ Kg8 16. Qh5 $18) 14. Nxf6+ $2 (14. fxe5
$1 Qxd5 (14... Nxd5 15. Bxh7+ Kxh7 16. Rh3+ Kg8 17. Qh5 f5 18. e6 $18) 15. exf6
g6 16. Qe1 cxd4 17. Qh4 h5 (17... Qh5 18. Qxh5 gxh5 19. Rg3+ Kh8 20. Rg7 Ne5
21. Rxh7+ Kg8 22. Bf5) 18. Rf5 Ne5 19. e4 Qe6 20. Bc4 $1 Qxc4 (20... Nxc4 21.
Rxh5 gxh5 22. Qg5+ $18) 21. Rxh5 gxh5 22. Qg5+ Ng6 23. Qh6 $18) 14... Bxf6 15.
Bxh7+ Kxh7 16. Rh3+ Kg8 17. Qh5 Bh4 $1 18. Rxh4 f6 19. d5 $1 $40 Ne7 20. e4
Nxd5 $5 (20... Qe8 21. Qh7+ Kf7 22. Rh6 $3 (22. Rg4 $2 Rg8 23. f5 $13) 22...
Rg8 (22... Rh8 $4 23. Rxf6+ Kxf6 24. Bc3+ $18) 23. Bc3 $16 Kf8 $1 $13) 21. Rd1
$3 (21. exd5 $6 Qxd5 22. Qh7+ Kf7 23. Rg4 Rg8 24. Bc3 Rae8 $13) 21... Nc7 22.
Bc3 Qe7 (22... Qe8 23. Qh7+ Kf7 24. Rh6 $18 Ke6 25. f5+ Ke7 26. Rxf6 Rxf6 27.
Qxg7+ Qf7 28. Bxf6+ Ke8 29. Qxf7+ Kxf7 30. Be5 $18) 23. e5 (23. Qh7+ Kf7 24.
Rg4 Rg8 25. e5 f5 $5 (25... Rad8 $2 26. Re1 $18) 26. e6+ Nxe6 27. Qxf5+ Ke8 28.
Re1 Bc8 29. Qd5 Ra7 30. f5 $16) 23... Rad8 24. Re1 f5 25. Qh7+ Kf7 26. e6+ Nxe6
27. Bxg7 $1 $18 Ke8 28. Bxf8 Qxh7 (28... Kxf8 29. Qh8+ Kf7 30. Rh7+ $18) 29.
Rxe6+ Kd7 30. Rd6+ $1 1-0